| 000 | 00398cam a22001337a 4500 | ||
|---|---|---|---|
| 008 | 180718b1983 xxu||||| |||| 00| 0 eng d | ||
| 082 | _aW2x5461 G959 | ||
| 100 | _aGupta, M.P. | ||
| 245 |
_aMetropolitan transportation system _cby M.P. Gupta |
||
| 260 |
_aNew Delhi _bNational _c1983 |
||
| 300 | _a180+p. | ||
| 650 | _aTransportation and state - India - Delhi | ||
| 650 | _aDelhi Transport Corporation | ||
| 999 |
_c411372 _d411372 |
||